Fertilizer effecting on sweet corn crop exterimental ការពិសសោធន៏ ប្រៀបធៀបឥទ្ធិពលជី លើដំណាំពោតផ្អែម (Record no. 657)

000 -LEADER
fixed length control field 00508nam a22001457a 4500
003 - CONTROL NUMBER IDENTIFIER
control field OSt
005 - DATE AND TIME OF LATEST TRANSACTION
control field 20150917144350.0
008 - FIXED-LENGTH DATA ELEMENTS--GENERAL INFORMATION
fixed length control field 150917b xxu||||| |||| 00| 0 eng d
040 ## - CATALOGING SOURCE
Transcribing agency RUA
082 ## - DEWEY DECIMAL CLASSIFICATION NUMBER
Classification number AGR SOU 2001 B026 Or.1
100 ## - MAIN ENTRY--PERSONAL NAME
9 (RLIN) 682
Personal name SOUN, SOPHEA.
245 ## - TITLE STATEMENT
Title Fertilizer effecting on sweet corn crop exterimental ការពិសសោធន៏ ប្រៀបធៀបឥទ្ធិពលជី លើដំណាំពោតផ្អែម
260 ## - PUBLICATION, DISTRIBUTION, ETC. (IMPRINT)
Place of publication, distribution, etc. Phnom Penh
Name of publisher, distributor, etc. RUA
Date of publication, distribution, etc. 2001
942 ## - ADDED ENTRY ELEMENTS (KOHA)
Source of classification or shelving scheme
Koha item type AGR
Holdings
Price effective from Date last seen Permanent Location Not for loan Date acquired Source of classification or shelving scheme Koha item type Lost status Withdrawn status Date last checked out Total Checkouts Damaged status Barcode Shelving location Current Location Full call number
2015-09-172020-11-03Library Block B 2015-09-17 AGR  2020-10-283 RUA002959 Library Block BAGR SOU 2001 B026 Or.1
2015-09-172020-11-03Library Block B 2015-09-17 AGR  2020-10-284 RUA002819 Library Block BAGR SOU 2001 B026 Or.3
2015-09-172026-05-18Library Block B 2015-09-17 AGR  2026-04-292 RUA002677 Library Block BAGR SOU 2001 B026 Or.4
2015-09-272021-08-03Library Block B 2015-09-27 AGR  2021-08-032 RUA019484B026Library Block BAGR SOU 2001 B026 Or.5
2015-09-172025-12-22Library Block B 2015-09-17 AGR  2025-11-193 RUA002747 Library Block DAGR SOU 2001 B026 Or.2
មជ្ឈមណ្ឌលឯការនៃសាកលវិទ្យាល័យភូមិន្ទកសិកម្មចំការដូង

Powered by Koha